Département Alpes-Maritimes - Statistiques

Statistiques générales
  • Ce quiz a été pris 67 fois
  • Le résultat moyen est 10 sur 20
Statistiques - réponses
Indices Réponses % Correct
Quel est le chef-lieu départemental ? Nice
98%
Quel numéro de département portent les Alpes-de-Haute-Provence ? 06
92%
Quelle ville est considérée comme la capitale mondiale du parfum ? Grasse
91%
Dans quel ville a lieu un célèbre festival cinématographique ? Cannes
86%
Chaque année en février, quel fruit est mis à l'honneur à Menton ? Citron
84%
À part l'Italie, avec quel autre pays les Alpes-Maritimes partagent-ils une frontière ? Monaco
80%
Comment se nomme la plus grande technolopole européenne, fondée en 1969 par Pierre Laffitte ? Sophia Antipolis
69%
Quelle spécialité gastronomique à base de pain est garnie d'oignons, d'olives noires et d'anchois ? Pissaladière
66%
Quel parc national est partagé avec les Alpes-de-Haute-Provence ? Mercantour
63%
Quel golfe s'étend de cette ville jusqu'au cap d'Antibes ? Golfe Juan
52%
Comment se nomme la plus grande des îles de Lérins ? Île Sainte-Marguerite
47%
Quel peintre a vécu quelques années dans la villa La Californie, y peignant en 1958 La Baie de Cannes ? Pablo Picasso
44%
Comment se nomme la toute première métropole fondée en France en 2011 ? Métropole Nice Côte d'Azur
36%
En quelle année a été créé le département ? 1860
30%
Quel village perché a servi de décor à La Belle et la Bête de Jean Cocteau, en 1946 ? Èze
27%
Quel est le plus grand lac naturel d'altitude d'Europe, culminant à 2 230 m ? Lac d'Allos
11%
Où a-t-on découvert plus de 40 500 gravures rupestres datant du Chalcolithique et de l'Âge du bronze ? Vallée des Merveilles
11%
Quelle cité gallo-romaine est notamment connue pour ses thermes et son arène de Cimiez ? Cemenelum
3%
Dans la même ville, quel jardin de style Belle Époque a été créé en 1922 par l'écrivain Vicente Blasco Ibáñez ? Fontana Rosa
2%
Quelle société était notamment connue pour avoir créé la caravelle et le concorde ? Sud-Aviation
2%
Aucun quiz correspondant
Distribution des résultats
% des personnes avec chaque résultat
Percentile par nombre de réponses
Votre historique - résultats
Vous n’avez pas pris ce quiz